000 00685nam a22002172 4500
001 0000007032
005 20151217152020.0
008 071108s xx 000 0 eng d
020 _a0198775249 :
_cKES 5400
040 _aKABU
_cKABU
100 1 _aPerman, Roger.
_@0000150137
245 1 0 _aBusiness economics /
_cRoger Perman and John Scouller.
260 _aOxford :
_bO. U. P.,
_c1999.
300 _avii, 328 p. ;
_c.
650 0 _aManagerial economics.
_@0000150546
700 1 _a Scouller, John.
_@0000158060
852 1 _9p5400 KES
852 1 _9p3450 KES
908 _a071108
950 _@1
999 _c7354
_d7354